00824nam a2200229Ia 4500001000600000003000500006008004100011010001100052040000900063082001800072100003300090245019900123260008200322300001000404440000500414500000500419503000500424650008400429650002500513650003000538650002600568Z_149CHAP220113s1989 xx 000 0 und d a163121 cCHAP a338.173492 F51 aFlores Verduzco, Juan José aSistema agroindustrial de producción intensiva de carne y huevo en Jalisco, tendencias recientes, problemática y alternativas: proyecto de investigación /cpor Juan José Flores Verduzco aGuadalajara, Jal. :bUACH. Centro Regional Universitario de Occidente,c1989 a83 p. a a a aAcuiculturaxJalisco I. UACH. Centro Regional Universitario de Occidente II. t. aCarnexProducción  aGanado de carnexJalisco  aHuevosxProducción